000 00382nam a2200169Ia 4500
008 170705s9999 xx 000 0 und d
020 _a9780590486682
245 _aSlam! /
245 _cWalter Dean Myers.
260 _aNew York :
260 _bScholastic,
260 _c1996
300 _a266 pages :
300 _bcolor illustration ;
300 _c17cm.
500 _a750
999 _c336347
_d336347